| 000 | 00797nam a22002417a 4500 | ||
|---|---|---|---|
| 001 | 32712 | ||
| 003 | AR-RoBPED | ||
| 005 | 20260507152057.0 | ||
| 008 | 260506s1985 ag a|||b |||| 001 0 spa d | ||
| 020 | _a9502105478 | ||
| 040 | _aAR-RoBPED | ||
| 041 | _aspa | ||
| 100 | 1 |
_aMenghi, Luis Alberto _91462 |
|
| 245 | 1 |
_aTiempo de aventura. _n5 / _cLuis Alberto Menghi, Maria Luisa de Luján Campos ; [ilustraciones Ricardo Vega] |
|
| 260 |
_aBuenos Aires : _bPlus Ultra, _c1985. |
||
| 300 |
_a207 p. : _bil. col. |
||
| 650 | 4 |
_aARCHIVO INFANTIL _924464 |
|
| 650 | 4 |
_aLIBROS DE LECTURA _915325 |
|
| 650 | 4 |
_aQUINTO GRADO _91623 |
|
| 700 | 1 |
_aLuján Campos, María Luisa de _917419 _eautora |
|
| 942 |
_2udc _ak. 32712 _cBK _h372.4 _kIA _mM 42t _pinv. 42432 |
||
| 945 | _amm 06/05/2026 - lgc 07/05/2026 | ||
| 999 |
_c32712 _d32712 |
||